| 000 | 00902nam a22002537a 4500 | ||
|---|---|---|---|
| 999 |
_c22634 _d22634 |
||
| 003 | AR-CdUCM | ||
| 008 | 190427b ||||| |||| 00| 0 spa d | ||
| 020 | _a9786124791109 | ||
| 040 |
_aMUNICIPALIDAD PROVINCIAL DEL CUSCO _cBIBLIOTECA MUNICIPAL DEL CUSCO |
||
| 082 |
_a869.521/P26P _bP26P |
||
| 245 |
_aLas polillas en los Comentarios Reales del Inca Garcilaso de la Vega / _cÓscar Paredes Pando |
||
| 260 |
_aCusco : _bMunicipalidad Distrital de Wanchaq, _c2018. |
||
| 300 |
_a150 páginas: _c24 cm. |
||
| 650 |
_aGarcilaso de la Vega, Inca _945247 |
||
| 650 |
_aComentarios reales _948708 |
||
| 650 |
_aCrítica literaria _92609 |
||
| 650 |
_aLiteratura peruana _948709 |
||
| 650 |
_a Redacción _948710 |
||
| 700 |
_aAvendaño Farfán, Ángel _922687 |
||
| 700 |
_aGuevara Paredes, Mario _96574 |
||
| 710 |
_aMunicipalidad Distrital de Wanchaq _948711 |
||
| 942 |
_2ddc _cLIBROS |
||
| 945 | _arac | ||